La harpe du nord: Ноты. Cahier № 11 (Запись № 13635043)

Подробности
000 -МАРКЕР
контрольное поле 07572ncm2a2200565 4500
001 - ИДЕНТИФИКАТОР ЗАПИСИ
контрольное поле RU\NLR\ONIZ\308377
005 - ИДЕНТИФИКАТОР ВЕРСИИ
контрольное поле 20260315072902.0
035 ## - ДРУГИЕ СИСТЕМНЫЕ НОМЕРА
Идентификатор записи (NLR Aleph) 022751160
100 ## - ДАННЫЕ ОБЩЕЙ ОБРАБОТКИ
Данные общей обработки 20250904d1824 u y0rusy50 ca
101 0# - ЯЗЫК РЕСУРСА
Язык текста, звукозаписи и т.д. русский
-- французский
Язык главного источника информации русский
-- французский
102 ## - СТРАНА ПУБЛИКАЦИИ ИЛИ ПРОИЗВОДСТВА
Страна публикации Российская Федерация
125 ## - ПОЛЕ КОДИРОВАННЫХ ДАННЫХ: ЗВУКОЗАПИСИ И НОТНЫЕ ИЗДАНИЯ
Форма изложения нотного текста x|
200 1# - ЗАГЛАВИЕ И СВЕДЕНИЯ ОБ ОТВЕТСТВЕННОСТИ
Основное заглавие Cahier № 11
Общее обозначение материала Ноты
203 ## - ВИД СОДЕРЖАНИЯ И ТИП СРЕДСТВА
Вид содержания Музыка
Дополнительные сведения об издании
--
Тип средства непосредственная
210 ## - ПУБЛИКАЦИЯ, РАСПРОСТРАНЕНИЕ И ДР.
Дата издания, распространения и т.д. 1824
215 ## - ФИЗИЧЕСКАЯ ХАРАКТЕРИСТИКА
Специфическое обозначение материала и объем 10 с.
225 1# - СЕРИЯ
Основное заглавие серии La harpe du nord
Обозначение тома 1824 Cah. 11
313 ## - ПРИМЕЧАНИЯ, ОТНОСЯЩИЕСЯ К ТЕМАТИЧЕСКОМУ ДОСТУПУ
Текст примечания Систематизация документа проведена по изданию - Методика классифицирования музыкальных произведений (нотных изданий) по таблицам Библиотечно-библиографических классификаций : метод. рекомендации / Гос. б-ка СССР им. В.И. Ленина.- М., 1977. Индексу ББК методических рекомендаций присваивается код ББК для научных библиотек - LBC/SL
316 ## - ПРИМЕЧАНИЯ ОБ ОСОБЕННОСТЯХ ЭКЗЕМПЛЯРА
Связь между полями b01852
Организация и экземпляр, к которому относится поле NLR
Текст примечания Номер выпуска и года издания журнала вписан чернилами от руки (тит. л.).
316 ## - ПРИМЕЧАНИЯ ОБ ОСОБЕННОСТЯХ ЭКЗЕМПЛЯРА
Связь между полями b01852
Организация и экземпляр, к которому относится поле NLR
Текст примечания Обрез крапчатый с синим напрыском.
316 ## - ПРИМЕЧАНИЯ ОБ ОСОБЕННОСТЯХ ЭКЗЕМПЛЯРА
Связь между полями b01852
Текст примечания Экз. М 970-4/С.280 (№ 85415). Припл. к: Cahier № 1. St. Petersbourg, 1824
Организация и экземпляр, к которому относится поле NLR
316 ## - ПРИМЕЧАНИЯ ОБ ОСОБЕННОСТЯХ ЭКЗЕМПЛЯРА
Связь между полями b01852
Организация и экземпляр, к которому относится поле NLR: М 970-4/С.280
Текст примечания Цензура от 15 октября 1824 г. Цензор Карл фон Поль (с. 10).
316 ## - ПРИМЕЧАНИЯ ОБ ОСОБЕННОСТЯХ ЭКЗЕМПЛЯРА
Связь между полями b02852
Организация и экземпляр, к которому относится поле NLR: М 970-4/С.280(3)а
Текст примечания Фоксинги по всем листам.
316 ## - ПРИМЕЧАНИЯ ОБ ОСОБЕННОСТЯХ ЭКЗЕМПЛЯРА
Связь между полями b02852
Текст примечания Экз. М 970-4/С.280(3-4)а (№ 108808). Припл. к: Cahier № 2. St. Petersbourg, 1824
Организация и экземпляр, к которому относится поле NLR
327 1# - ПРИМЕЧАНИЯ О СОДЕРЖАНИИ
Текст примечания № 1. Ariette polonaise, de l'opera ("Der Freyschütz") par C. M. de Weber : [pour] piano-forte.
-- № 2. Valse : [pour] piano-forte / comp. par Erne[s]te Rebentisch.
-- № 3. Quadrille : [pour] piano-forte / comp. par Alex. Tscherlitzky.
-- № 4. Ecossaise : [pour] piano-forte / comp. par N. Maréisky.
-- № 5. Masourque : [pour piano-forte] / comp. par Rogolinsky.
-- № 6. Quadrille / [pour] piano- forte / comp. par Otton Czerlitzky.
-- № 7. Mazourka : [pour] piano-forte / comp. par de Laskovsky.
-- № 8. Romance : "Perchè se mia tu sei perchè..." : [per] voce [e] piano-forte / comp. par la princesse Lydie Gortschakoff
461 #0 - УРОВЕНЬ НАБОРА
Встроенное поле 001RU\NLR\ONIZ\308135
-- 2001#$aLa harpe du nord$bНоты$dСеверная арфа$zrus$ejournal de musique destiné uniquement à recueillir ce qu'il y aura de plus intéressant en fait de pièces fugitives,$fcomposées par les amateurs et les artistes demeurant en Russie: pour le chant, le piano, la harpe et la guitarre$gtrès humblement dédié à sa majesté I'impératrice règnante Elisabeth Alexiewna par l' éditeur Frédéric Satzenhoven$v
Системный номер (АБИС) связанной записи 13635009
Место публикации St. Petersbourg
Дата публикации [1821-1829]
Первые сведения об ответственности composées par les amateurs et les artistes demeurant en Russie: pour le chant, le piano, la harpe et la guitarre
Параллельное заглавие Северная арфа
Имя издателя, распространителя и т.д. Litographie de Frédéric Satzenhoven
Сведения, относящиеся к заглавию journal de musique destiné uniquement à recueillir ce qu'il y aura de plus intéressant en fait de pièces fugitives,
Заглавие La harpe du nord: Ноты
462 #0 - УРОВЕНЬ ПОДНАБОРА
Встроенное поле 001RU\NLR\ONIZ\308256
-- 2001#$aLa harpe du nord$e3-me année$d3-й год$zrus$v
Системный номер (АБИС) связанной записи 13635032
Дата публикации 1823-1824
Параллельное заглавие 3-й год
Сведения, относящиеся к заглавию 3-me année
Заглавие La harpe du nord: Ноты. - La harpe du nord
464 #0 - АНАЛИТИЧЕСКИЙ УРОВЕНЬ
Встроенное поле 2001#$aAriette polonaise, de l'opera ("Der Freyschütz") par C. M. de Weber$e[pour] piano-forte
-- 215##$aС.1-3.
-- 701#1$9z01790$aВебер$bК. М. фон$gКарл Мария фон$f1786-1826$4230$7ca
-- 790#1$9z01701$aWeber$bC. M. von$gCarl Maria von$f1786-1826$4230$7ba
Заглавие Ariette polonaise, de l'opera ("Der Freyschütz") par C. M. de Weber
464 #0 - АНАЛИТИЧЕСКИЙ УРОВЕНЬ
Встроенное поле 2001#$aValse$e[pour] piano-forte$fcomp. par Erne[s]te Rebentisch
-- 215##$aС.4.
-- 700#1$9z01790$aРебентишь$bЭ.$gЭрнест$cкомпозитор$fкон. 18 - 1-я пол. 19 в.$4230$7ca
-- 790#1$9z01700$aRebentisch$bE.$gErneste$cde Triqorsk.$ccomposer$fкон. 18 - 1-я пол.19 в.$4230$7ba
Заглавие Valse
Автор Ребентишь, Эрнест (композитор ; кон. 18 - 1-я пол. 19 в.)
464 #0 - АНАЛИТИЧЕСКИЙ УРОВЕНЬ
Встроенное поле 2001#$aQuadrille$e[pour] piano-forte$fcomp. par Alex. Tscherlitzky
-- 215##$aС.5.
-- 700#1$9z01790$aЧерлицкий$bА. И.$gАлекс[андр] И.$cкомпозитор$f2-я пол. 18 в. - 1-я пол. 19 в.$4230$7ca
-- 790#1$9z01700$aTscherlizky$bA. I.$gAlexandr I.$f2-я пол. 18 в. - 1-я пол. 19 в.$4230$7ba
Заглавие Quadrille
Автор Черлицкий, Алекс[андр] И. (композитор ; 2-я пол. 18 в. - 1-я пол. 19 в.)
464 #0 - АНАЛИТИЧЕСКИЙ УРОВЕНЬ
Встроенное поле 2001#$aEcossaise$e[pour] piano-forte$fcomp. par N. Maréisky
-- 215##$aС.6.
-- 700#1$9z01790$aМарейский$bН.$gН.$cавтор переложений$cкомпозитор$f2-я пол. 18 в. - 1-я пол. 19 в.$4230$7ca
-- 790#1$9z01700$aMareiskÿ$bN.$gN.$ccomposer$f2-я пол. 18 в. - 1-я пол. 19 в.$4230$7ba
Заглавие Ecossaise
Автор Марейский, Н. (композитор ; 2-я пол. 18 в. - 1-я пол. 19 в.)
464 #0 - АНАЛИТИЧЕСКИЙ УРОВЕНЬ
Встроенное поле 2001#$aMasourque$e[pour piano-forte]$fcomp. par Rogolinsky
-- 215##$aС.6.
-- 700#1$9z01790$aРоголинский$bИ. Ш.$gИ. Ш[арль]$cкомпозитор$fкон. 18 - сер. 19 в.$4230$7ca
-- 790#1$9z01700$aRogolinnskij$bI. C.$gI. C[harles]$ccomposer$fкон. 18 - сер. 19 в.$4230$7ba
Заглавие Masourque
Автор Роголинский, И. Ш[арль] (композитор ; кон. 18 - сер. 19 в.)
464 #0 - АНАЛИТИЧЕСКИЙ УРОВЕНЬ
Встроенное поле 2001#$aQuadrille$f[pour] piano- forte$fcomp. par Otton Czerlitzky
-- 215##$aС.7.
-- 700#1$9z01790$aЧерлицкий$bО.$gОттон$cкомпозитор$fкон. 18 - 1-я пол. 19 в.$4230$7ca
-- 790#1$9z01700$aCzerlitzky$bO.$gOtton$ccomposer$fкон. 18 - 1-я пол. 19 в.$4230$7ba
Заглавие Quadrille
Автор Черлицкий, Оттон (композитор ; кон. 18 - 1-я пол. 19 в.)
464 #0 - АНАЛИТИЧЕСКИЙ УРОВЕНЬ
Встроенное поле 2001#$aMazourka$e[pour] piano-forte$fcomp. par de Laskovsky
-- 215##$aС.8.
-- 700#1$9z01790$aЛасковский$bИ. Ф.$gИван Федорович$f1799-1855$4230$7ca
-- 790#1$9z01700$aLaskovsky$bI. F.$gIvan Fjodorovič$f1799-1855$4230$7ba
Заглавие Mazourka
Автор Ласковский, Иван Федорович (1799-1855)
464 #0 - АНАЛИТИЧЕСКИЙ УРОВЕНЬ
Встроенное поле 2001#$aRomance$e"Perchè se mia tu sei perchè..."$e[per] voce [e] piano-forte$fcomp. par la princesse Lydie Gortschakoff
-- 215##$aС.9-10.
-- 700#1$9z01790$aГорчакова$bЛ. А.$gЛидия Алексеевна$cкомпозитор$cкняжна$f1807-1826$4230$7ca
-- 790#1$9z01700$aGortchakova$bL.$gLidia$ccomposer$cprincesse$f1807-1826$4230$7ba
Заглавие Romance
Автор Горчакова, Лидия Алексеевна (княжна ; 1807-1826)
482 #0 - ПРИПЛЕТЕНО К
-- b01852
Встроенное поле 001RU\NLR\ONIZ\308257
-- 852##$aNLR$jМ 970-4/С.280$p85404$t1
Системный номер (АБИС) связанной записи 13635033
Дата публикации 1824
Физическая характеристика 10 с.
Заглавие La harpe du nord: Ноты. - Cahier № 1
482 #0 - ПРИПЛЕТЕНО К
-- b02852
Встроенное поле 001RU\NLR\ONIZ\308258
-- 852##$aNLR$jМ 970-4/С.280(3-4)а$p108805$t2
Системный номер (АБИС) связанной записи 13635034
Дата публикации 1824
Физическая характеристика 11 с.
Заглавие Cahier № 2: Ноты
686 0# - ИНДЕКСЫ ДРУГИХ КЛАССИФИКАЦИЙ
Индекс Щ943.4-42-043.3(28)я43
686 0# - ИНДЕКСЫ ДРУГИХ КЛАССИФИКАЦИЙ
Индекс Щ954.2-058(28)я43
686 0# - ИНДЕКСЫ ДРУГИХ КЛАССИФИКАЦИЙ
Индекс Щ954.2-072(28)я43
801 #0 - ИСТОЧНИК ЗАПИСИ
Страна Российская Федерация
Организация NLR
Дата составления 20250909
Правила каталогизации PSBO
801 #1 - ИСТОЧНИК ЗАПИСИ
Страна Российская Федерация
Организация NLR
Дата составления 20250909
Источник данных rusmarc
801 #2 - ИСТОЧНИК ЗАПИСИ
Страна Российская Федерация
Организация NLR
Дата составления 20260305
852 ## - МЕСТОНАХОЖДЕНИЕ И ШИФР ХРАНЕНИЯ
-- b02316
-- b02482
Идентификатор организации NLR
Шифр хранения (Call Number) М 970-4/С.280(3-4)а
Идентификатор единицы 108808
Номер экземпляра 2
852 ## - МЕСТОНАХОЖДЕНИЕ И ШИФР ХРАНЕНИЯ
-- b01316
-- b01482
Идентификатор организации NLR
Шифр хранения (Call Number) М 970-4/С.280
Идентификатор единицы 85415
Номер экземпляра 1
942 ## - ДОПОЛНИТЕЛЬНЫЕ ЭЛЕМЕНТЫ ЗАПИСИ (АБИС)
Тип экземпляра АБИС Ноты
980 ## - КОЛЛЕКЦИЯ
Название коллекции Отдел нот и звукозаписей
980 ## - КОЛЛЕКЦИЯ
Название коллекции Национальная библиография

Нет доступных экземпляров.